| 000 | 00983cam a22002175a 4500 | ||
|---|---|---|---|
| 001 | L137447 | ||
| 008 | 070405s2007 xxk f 000 0 eng d | ||
| 020 | _a1741951089 | ||
| 035 | _a(Sirsi) u137447 | ||
| 041 | 0 | _aeng | |
| 050 | 0 | 4 | _a692.2994 $2 18 |
| 110 | 2 |
_aAustralian Building Codes Board _94238 |
|
| 245 | 0 | 0 |
_aBCA 2007 _bBuilding Code of Australia _bvolume two _bclass 1 and class 10 buildings |
| 260 |
_aCanberra _bABCB _c2007 |
||
| 300 |
_a685p. _c25cm. |
||
| 520 | _aTechnical provisions for the design and construction of buildings and other structures throughout Australia, allowing for variations in climate and geological or geographical conditions. Discusses application, interpretation, and acceptance of design and construction. Discusses structure, damp and weather-proofing, fire safety, health and amenity, earthworks, drainage and usage of building materials. | ||
| 590 | _aKA | ||
| 651 | 4 | _aAUSTRALIA | |
| 690 |
_aBuilding regulations _96224 |
||
| 942 | _n0 | ||
| 999 |
_c106789 _d106789 |
||